Pleonazmy v súčasnej rumunčine

Pleonazmy v rumunskej jazykovede a v rumunskej spoločnosti. Najčastejšie typy pleonazmov v súčasnej rumunčine. Pleonastické výrazy v médiách ako odraz ich prítomnosti v jazyku.

Salvato in:
Dettagli Bibliografici
Autore principale: Keresty, Ján, 1980-
Natura: Capitolo di libro
Lingua:slovacco
Soggetti:
Tags: Aggiungi Tag
Nessun Tag, puoi essere il primo ad aggiungerne!!

MARC

LEADER 00000nla a2200000 4500
001 0209670
005 20240502073503.4
041 0 |a slo 
044 |a SK 
245 1 0 |a Pleonazmy v súčasnej rumunčine  |c Ján Keresty 
520 |a Pleonazmy v rumunskej jazykovede a v rumunskej spoločnosti. Najčastejšie typy pleonazmov v súčasnej rumunčine. Pleonastické výrazy v médiách ako odraz ich prítomnosti v jazyku. 
610 2 0 |a jazykoveda 
610 2 0 |a jazyky cudzie 
610 2 0 |a rumunčina 
610 2 0 |a komunikácia 
610 2 0 |a médiá 
100 1 |a Keresty, Ján, 1980-